[Event "2nd IECC"]
[Site "Ohrid MKD"]
[Date "2001.06.12"]
[Round "11"]
[White "Istratescu,A"]
[Black "Gurevich,M"]
[Result "1/2-1/2"]
[WhiteElo "2561"]
[BlackElo "2688"]

1.g3 d5 2.Nf3 Bg4 3.Bg2 e6 4.O-O Nd7 5.d3 Bd6 6.Nbd2 Ne7 7.h3 Bh5 8.e4 c6
9.Qe2 O-O 10.Rd1 Qb6 11.g4 Bg6 12.Nf1 Rae8 13.c3 Qc7 14.Re1 f6 15.h4 Bf7
16.h5 Bf4 17.N3h2 Bxc1 18.Raxc1 e5 19.Qe3 Qb6 20.b3 dxe4 21.dxe4 Qxe3 22.Nxe3 Nc5
23.Red1 Rd8 24.Nhf1 Be6 25.Ng3 Nc8 26.Bf1 Nd6 27.f3 Kf7 28.Ngf5 Nc8 29.Bc4 g6
30.Ng3 Nd6 31.Be2 Ke7 32.Kf2 Rd7 33.hxg6 hxg6 34.Rh1 Bg8 35.Rhd1 Rfd8 36.Ke1 Be6
37.Nh1 Rh8 38.Nf2 Nf7 39.Rxd7+ Bxd7 40.Kf1 Ng5 41.Kg2 Nce6 42.Rh1 Nf4+ 43.Kf1 Rd8
44.Ng2 Nfe6 45.Nd3 Be8 46.Kf2 Bf7 47.Ne3 Nc7 48.Rc1 Rh8 49.Bf1 Nce6 50.Bg2 Rd8
51.Rd1 Nf4 52.Nb2 Rb8 53.Nd3 Be6 54.Nxf4 exf4 55.Nc2 c5 56.Ne1 c4 57.b4 Nf7
58.Nc2 Ne5 59.Rh1 Bg8 60.Bf1 Ra8 61.a4 a5 62.b5 Nd3+ 63.Bxd3 cxd3 64.Nd4 Rc8
65.Ke1 Rxc3 66.Kd2 Rc4 67.Kxd3 Rxa4 68.Rc1 Kd6 69.b6 Ra3+ 70.Ke2 Ra2+ 71.Kd3 Rb2
72.Rc8 Ba2 73.Ra8 Rxb6 74.Rxa5 Ra6 75.Rb5 b6 76.g5 Ra3+ 77.Kc2 Bc4 78.gxf6 Ra2+
79.Kb1 Rd2 80.Rxb6+ Ke5 81.Nb3 Rf2 82.Kc1 g5 83.Nd2 Be6 84.Kd1 Kxf6 85.Ke1 Rh2
86.Ra6 Ke5 87.Ra4 g4 88.fxg4 Bxg4 89.Ra5+ Kf6 90.Rd5 Kg6 91.Rd3 Re2+ 92.Kf1 Kh5
93.Nf3 Rxe4 94.Kf2 Kg6 95.Rd4 Bxf3 96.Rd6+  1/2-1/2

[Event "2nd IECC"]
[Site "Ohrid MKD"]
[Date "2001.06.14"]
[Round "13"]
[White "Markowski,T"]
[Black "Vaisser,A"]
[Result "1/2-1/2"]
[WhiteElo "2592"]
[BlackElo "2540"]

1.Nf3 d5 2.g3 Nf6 3.Bg2 e6 4.O-O Be7 5.c4 dxc4 6.Qa4+ c6 7.Qxc4 b5 8.Qc2 Bb7
9.d3 c5 10.a4 a6 11.axb5 axb5 12.Rxa8 Bxa8 13.Nc3 b4 14.Na4 Nbd7 15.Be3 Qa5
16.Rc1 O-O 17.Nxc5 Nxc5 18.Bxc5 Rc8 19.d4 Nd7 20.Ne1 Bxg2 21.Kxg2 Qa8+ 22.Kg1 e5
23.Qf5 Qb7 24.Nd3 g6 25.Qh3 e4 26.Bxe7 exd3 27.Rxc8+ Qxc8 28.exd3 Qc1+ 29.Kg2 Qc6+
30.d5 Qxd5+ 31.Kg1 b3 32.Qg4 Qxd3 33.Kg2 Qd5+ 34.Qf3 Qe6 35.Bb4 f6 36.Bc3 h5
37.h3 Kf7 38.Qb7 g5 39.Qb5 Kg6 40.Qd3+ Kh6 41.Qf3 g4 42.hxg4 hxg4 43.Qa8 Kg6
44.Qa5 Nb6 45.Kg1 Nd5 46.Bd4 Qe4 47.Qa7 Qe1+ 48.Kh2 Qe6 49.Qb8 Ne7 50.Bc3 Nf5
51.Qf8 Nd6 52.Bd2 Nf5 53.Bc3 Nd6 54.Bd4 Nf5 55.Bc5 Ng7 56.Ba3 Qe2 57.Kg1 Qe1+
58.Kg2 Qe4+ 59.Kg1 Qe1+ 60.Kg2 Qe4+ 61.Kg1  1/2-1/2

[Event "White Nights"]
[Site "St Petersburg RUS"]
[Date "2001.06.14"]
[Round "6"]
[White "Loginov,Va"]
[Black "Karasev,V"]
[Result "1/2-1/2"]
[WhiteElo "2499"]
[BlackElo "2420"]

1.Nf3 d5 2.g3 c6 3.Bg2 Nf6 4.O-O Bg4 5.c4 e6 6.d3 dxc4 7.dxc4 Qxd1 8.Rxd1 Nbd7
9.b3 Bc5 10.Nc3 O-O 11.h3 Bxf3 12.Bxf3 Rfd8 13.Na4 Be7 14.Be3 a6 15.Bg2 Rac8
16.Kf1 b5 17.Nb6 Nxb6 18.Bxb6 Rxd1+ 19.Rxd1 Kf8 20.cxb5 axb5 21.a4 bxa4 22.bxa4 Nd5
23.a5 Bd8 24.Bxd8 Rxd8 25.Ke1 Ra8 26.Ra1 Ke7 27.Kd2 Kd6 28.e4 Nc7 29.e5+ Kxe5
30.Bxc6 Ra7 31.Bg2 Kd4 32.Bf1 Kc5 33.Kc3 Nb5+ 34.Kb3 Nd4+ 35.Kc3 Nb5+ 36.Kd2 Nd4
37.Kc3  1/2-1/2

[Event "2nd IECC Playoff g/15"]
[Site "Ohrid MKD"]
[Date "2001.06.15"]
[Round "1.2"]
[White "Markowski,T"]
[Black "Lautier,J"]
[Result "1-0"]
[WhiteElo "2592"]
[BlackElo "2658"]

1.Nf3 d5 2.g3 g6 3.c4 c6 4.Qa4 d4 5.Bg2 Bg7 6.O-O Nh6 7.d3 O-O 8.b4 Nf5 9.Nbd2 Nd7
10.Ba3 Re8 11.Ne4 Nd6 12.Nxd6 exd6 13.Rfe1 a5 14.Rab1 Nb6 15.Qc2 axb4 16.Bxb4 Na4
17.Rb3 Bg4 18.h3 Bxf3 19.Bxf3 Qc7 20.Reb1 Ra7 21.Kg2 Rea8 22.a3 Ra6 23.Bd2 Nc5
24.R3b2 Rxa3 25.Bb4 R3a7 26.Bxc5 dxc5 27.Rb3 Qc8 28.Qb2 Ra2 29.Qc1 R8a7 30.Qf4 Bf8
31.h4 R2a3 32.Rxa3 Rxa3 33.h5 Ra8 34.Qe5 Qb8 35.Qg5 Qc7 36.Be4 Qd7 37.hxg6 hxg6
38.Qe5 Bd6 39.Qg5 Be7 40.Qd2 Qc7 41.Rh1 Qe5 42.Rb1 Ra7 43.Qb2 Qc7 44.Qd2 Qe5
45.Qh6 Bg5 46.Qh1 Qe6 47.Qf1 Kg7 48.f4 Be7 49.f5 gxf5 50.Bxf5 Qe3 51.Bg4 Bd6
52.Bf3 Bc7 53.Qh1 Qh6 54.Bh5 Qg5 55.Qh3 Bd6 56.Rf1 b6 57.Rf5 Qh6 58.Qg4+ Kf8
59.Qf3 Qg7 60.g4 Kg8 61.Qxc6 Bf8 62.Qxb6 Re7 63.Kf1 Rd7 64.Qc6 Rd6 65.Qf3 Rd7
66.Qc6 Rd6 67.Qxc5 Rf6 68.Qd5 Rxf5+ 69.Qxf5 Be7 70.Kg2 Qf6 71.Qxf6 Bxf6 72.Kf3 Kf8
73.Ke4 Ke7 74.Kd5 Bg7 75.g5 f6 76.Kxd4  1-0

[Event "2nd IECC Playoff g/15"]
[Site "Ohrid MKD"]
[Date "2001.06.15"]
[Round "1.1"]
[White "Delchev,A"]
[Black "Galkin,A"]
[Result "1-0"]
[WhiteElo "2584"]
[BlackElo "2584"]

1.Nf3 d5 2.g3 g6 3.Bg2 Bg7 4.c4 c6 5.Qa4 dxc4 6.Qxc4 Nf6 7.d3 O-O 8.O-O Nbd7
9.Nc3 e5 10.Qh4 Re8 11.Bg5 Qb6 12.Rab1 a5 13.Nd2 Qd4 14.Nc4 Qxh4 15.Bxh4 Bf8
16.Bg5 h6 17.Bd2 Ra6 18.Rfc1 Kg7 19.Nd1 a4 20.b4 axb3 21.axb3 Nd5 22.b4 N7b6
23.Na5 Nc7 24.e4 Nb5 25.Nc3 Nd4 26.Be3 Rd8 27.f4 f6 28.fxe5 fxe5 29.Rb2 Be7
30.h4 g5 31.h5 Ra7 32.Bf2 Bg4 33.Nb3 Bxh5 34.Nxd4 exd4 35.Nd5 Nxd5 36.exd5 Ra4
37.Bxd4+ Kh7 38.Bc5 Bf6 39.Rf2 Be5 40.dxc6 bxc6 41.Bxc6 Ra3 42.Be4+ Kh8 43.Kg2 Rb3
44.Rh1 Bg4 45.Rxh6+  1-0

[Event "2nd IECC Playoff g/15"]
[Site "Ohrid MKD"]
[Date "2001.06.15"]
[Round "3.1"]
[White "Piket,Je"]
[Black "Gyimesi,Z"]
[Result "1/2-1/2"]
[WhiteElo "2628"]
[BlackElo "2571"]

1.Nf3 d5 2.g3 c6 3.Bg2 Bg4 4.O-O Nd7 5.d3 Ngf6 6.c4 Bxf3 7.exf3 e6 8.f4 Bd6
9.f5 exf5 10.Re1+ Be7 11.cxd5 Nxd5 12.Bxd5 cxd5 13.Nc3 O-O 14.Nxd5 Bd6 15.Qf3 g6
16.d4 Nb6 17.Bh6 Nxd5 18.Qxd5 Bb4 19.Qe5 f6 20.Qe6+ Rf7 21.Red1 Qd7 22.Qb3 Bf8
23.Bxf8 Rxf8 24.d5 Qd6 25.Re1 Rd8 26.Rad1 Kg7 27.Re6 Qc5 28.d6 f4 29.a3 fxg3
30.hxg3 h5 31.Rd5 Qc1+ 32.Kg2 Qc6 33.f3 Re8 34.Rxe8 Qxe8 35.Qd3 Rd7 36.b4 Qe6
37.a4 b6 38.Qd2 Kh7 39.a5 bxa5 40.bxa5 Kg7 41.a6 Kf7 42.Rd4 Kg7 43.Qc2 Rxd6
44.Qc7+ Kh6 45.Qxd6 Qe2+  1/2-1/2

[Event "Hotel Lippa GM"]
[Site "Szentgotthard HUN"]
[Date "2001.06.15"]
[Round "3"]
[White "Koneru,H"]
[Black "Farago,I"]
[Result "1/2-1/2"]
[WhiteElo "2311"]
[BlackElo "2485"]

1.Nf3 d5 2.g3 c6 3.Bg2 Bg4 4.d4 e6 5.O-O Nf6 6.b3 Nbd7 7.c4 Bd6 8.Ba3 Qe7
9.Bxd6 Qxd6 10.Nbd2 O-O  1/2-1/2

[Event "TSGM"]
[Site "Belgrade YUG"]
[Date "2001.06.16"]
[Round "1"]
[White "Simic,R"]
[Black "Kallio,H"]
[Result "0-1"]
[WhiteElo "2429"]
[BlackElo "2410"]

1.Nf3 d5 2.g3 Bg4 3.Bg2 e6 4.O-O Nd7 5.c4 c6 6.b3 Ngf6 7.Bb2 Bd6 8.d3 Qe7
9.Nbd2 O-O 10.h3 Bh5 11.a3 a5 12.Ra2 Rfe8 13.Qa1 e5 14.cxd5 cxd5 15.e4 Bxf3
16.Bxf3 d4 17.Bd1 Rec8 18.Qb1 b5 19.a4 Bb4 20.Bc1 bxa4 21.bxa4 Qe6 22.Ba3 Rab8
23.Bxb4 Rxb4 24.Rb2 Rxb2 25.Qxb2 Qxh3 26.Qb5 Rc5 27.Qb7 h6 28.Nc4 Kh7 29.Bf3 h5
30.Qb1 h4 31.Bg2 Qg4 32.Qe1 Nf8 33.Kh2 hxg3+ 34.fxg3 Qh5+ 35.Bh3 Rxc4 36.dxc4 Ng4+
37.Kg2 Ne3+ 38.Kh2 g5 39.Rh1 g4 40.Qe2 Kg6  0-1

[Event "Homenaje a la Bandera"]
[Site "Rosario ARG"]
[Date "2001.06.17"]
[Round "4"]
[White "Garcia Palermo,C"]
[Black "Pingas,B"]
[Result "1-0"]
[WhiteElo "2470"]
[BlackElo "2315"]

1.g3 d5 2.Nf3 Nf6 3.Bg2 g6 4.b3 Bg7 5.Bb2 O-O 6.c4 Nc6 7.d3 Bg4 8.Nbd2 a5
9.a3 Re8 10.cxd5 Nxd5 11.Bxg7 Kxg7 12.Qc2 Bxf3 13.Nxf3 e6 14.O-O Qf6 15.Rac1 Re7
16.e3 Rd7 17.Nd2 Qe7 18.Qb2+ Kg8 19.Ne4 Rb8 20.Rc5 f5 21.Rxd5 exd5 22.Nf6+ Kf7
23.Nxd7 Qxd7 24.Rc1 Qd6 25.e4 fxe4 26.dxe4 d4 27.f4 Rd8 28.e5 Qe6 29.Rd1 d3
30.Qc3 Nd4 31.Qxd3 Qb6 32.Kh1 c5 33.Qe4 Rd7 34.Bh3 Re7 35.Qd5+ Kg7 36.Qd6 Qc6+
37.Qxc6 bxc6 38.b4 axb4 39.axb4 Rb7  1-0

[Event "5th Open"]
[Site "Voronezh RUS"]
[Date "2001.06.20"]
[Round "8"]
[White "Belenov,D"]
[Black "Melkonyan,L"]
[Result "1-0"]
[WhiteElo "2275"]
[BlackElo "2368"]

1.Nf3 d5 2.g3 Nf6 3.Bg2 c6 4.O-O Bg4 5.h3 Bh5 6.d3 e6 7.Nbd2 Be7 8.e4 O-O
9.Re1 Nbd7 10.c3 a5 11.g4 Bg6 12.Nh4 Nc5 13.Nxg6 hxg6 14.e5 Nh7 15.Nb3 g5
16.Nxc5 Bxc5 17.d4 Be7 18.Be3 Qc7 19.Bf1 Rfc8 20.Bd3 Nf8 21.Qd2 Qd8 22.Kg2 g6
23.Rh1 Nh7 24.h4 gxh4 25.f4 Rc7 26.g5  1-0

[Event "Savic-Mauzer Mem"]
[Site "Bijeljina YUG"]
[Date "2001.06.22"]
[Round "7"]
[White "Ianov,V"]
[Black "Ivkov,B"]
[Result "1/2-1/2"]
[WhiteElo "2386"]
[BlackElo "2425"]

1.Nf3 d5 2.g3 c6 3.Bg2 Nf6 4.O-O Bg4 5.h3 Bxf3 6.exf3 g6 7.Re1 Bg7 8.Qe2 e6
9.d3 O-O 10.f4 c5 11.c3 Nc6 12.Nd2 b5 13.Nf3 Rc8 14.Ne5 Nd7 15.Nf3 b4 16.c4 dxc4
17.dxc4 Nd4 18.Qd3 Qc7 19.a3 b3 20.Nxd4 cxd4 21.Qxb3 Qxc4 22.Qxc4 Rxc4 23.Bf1 Rc7
24.b4 Nb6 25.Bd3 Rc3 26.Rd1 Rfc8 27.Ba6 R8c7 28.Bb2 Rb3 29.Bxd4 Bxd4 30.Rxd4 Rcc3
31.a4 Rb2 32.Bb7 Rcc2 33.a5 Nd5 34.Bxd5 exd5 35.Rf1 Rc4 36.Rxd5 Rcxb4 37.Rd7 Ra4
38.Rxa7 Rb5 39.a6 Rb6 40.Rd1 Rbxa6 41.Rxa6 Rxa6 42.Kg2 Kg7 43.g4 Ra7 44.Rd5 h6
45.Kg3 Ra3+ 46.f3 Kf6 47.h4 Ra1 48.h5 Rg1+ 49.Kf2 Rh1 50.Kg2 Ra1 51.Rb5 Kg7
52.Kg3 Rg1+ 53.Kf2 Rh1 54.hxg6 Kxg6 55.Kg2 Ra1 56.Rh5 Rb1 57.Kg3 Rg1+ 58.Kf2 Ra1
59.f5+ Kg7 60.Kg3 Rb1 61.Rh2 Ra1 62.Rd2 Rb1 63.Rd6 Rb4 64.Kh4 Rb1 65.Kg3 Rb4
66.Ra6 Rc4 67.Ra3 Rb4 68.f4 Rb1 69.Ra2 Rg1+ 70.Rg2 Rf1 71.Rf2 Rg1+ 72.Kf3 Kf6
73.Rh2 Kg7 74.Rh5 Rf1+ 75.Ke3 Re1+ 76.Kf2 Ra1 77.Rh3 Ra2+ 78.Kg3 Ra3+ 79.Kh4 Ra4
80.Rf3 Ra1 81.g5 hxg5+ 82.fxg5 Rg1 83.Rg3 Rh1+ 84.Rh3 Rg1 85.Rg3 Rh1+ 86.Kg4 Ra1
87.Rf3 Rg1+ 88.Kf4 Ra1 89.Re3 Rf1+ 90.Kg4 Rg1+ 91.Rg3 Ra1 92.Re3 Rg1+ 93.Rg3  1/2-1/2

[Event "12th Open"]
[Site "Ljubljana SLO"]
[Date "2001.06.23"]
[Round "1"]
[White "Vukovic,I"]
[Black "Ursic,M"]
[Result "0-1"]
[WhiteElo "2271"]
[BlackElo "2060"]

1.Nf3 d5 2.g3 Nf6 3.Bg2 Bg4 4.c4 e6 5.Qb3 Nbd7 6.cxd5 exd5 7.Qxb7 Nc5 8.Qb5+ c6
9.Qxc6+ Bd7 10.Qxa8 Qxa8 11.O-O Bd6 12.d3 O-O 13.b3 Bc6 14.Bb2 Re8 15.Nd4 Be5
16.Na3 Ne6 17.Nac2 Nxd4 18.Bxd4 Bd7 19.Bxe5 Rxe5 20.Nd4 h5 21.Rac1 h4 22.Rfe1 hxg3
23.hxg3 g6 24.Rc7 Kg7 25.Rec1 Rh5 26.Bf3 Rh8 27.e4 Rc8 28.e5 Ne8 29.R7c5 Rxc5
30.Rxc5 Be6 31.Nb5 Qb8 32.d4 a6 33.Nc3 Qb4 34.Ne2 Qd2 35.Kg2 Qxa2 36.Nf4 Qxb3
37.Rc6 Qa2 38.Nxe6+ fxe6 39.Rxe6 Kf7 40.Rb6 Qc4 41.Bg4 a5 42.f4 a4 43.Rb7+ Kf8
44.Bd7 a3 45.Rb8 a2 46.Rxe8+ Kg7 47.Re7+ Kh6 48.g4 Qe2+ 49.Kg3 Qe3+  0-1

[Event "12th Open"]
[Site "Ljubljana SLO"]
[Date "2001.06.25"]
[Round "3"]
[White "Vukovic,I"]
[Black "Kodela,M"]
[Result "1/2-1/2"]
[WhiteElo "2271"]
[BlackElo "2026"]

1.Nf3 d5 2.g3 c6 3.Bg2 Nf6 4.b3 Bf5 5.Bb2 e6 6.O-O Bd6 7.d3 O-O 8.Nbd2 h6
9.Re1 Bh7 10.e4 dxe4 11.Nxe4 Nxe4 12.dxe4 Bc5 13.Qe2 Nd7 14.Rad1 Qe7 15.a3 a5
16.a4 Rfd8 17.Rd3 Nf6 18.Ne5 Rxd3 19.Nxd3 Rd8 20.e5 Nd5 21.Rd1 Bb6 22.Be4 Bxe4
23.Qxe4 Nb4 24.Qe2 Nxd3 25.Rxd3 Rxd3 26.Qxd3 Qc5  1/2-1/2

[Event "Narciso Yepes"]
[Site "Lorca ESP"]
[Date "2001.06.26"]
[Round "2"]
[White "Foisor,C"]
[Black "Seferjan,N"]
[Result "1-0"]
[WhiteElo "2408"]
[BlackElo "2529"]

1.Nf3 d5 2.g3 Bg4 3.Bg2 Nd7 4.d3 c6 5.Nbd2 e6 6.O-O Bd6 7.Qe1 Ne7 8.e4 O-O
9.h3 Bh5 10.Nh2 Kh8 11.f4 f5 12.e5 Bc5+ 13.Kh1 Bb6 14.Ndf3 Ng8 15.a4 a5 16.Be3 Bxe3
17.Qxe3 Bxf3 18.Nxf3 Nh6 19.c4 b6 20.Nd4 Qe8 21.Nxc6 dxc4 22.dxc4 Nc5 23.Ra3 Rc8
24.Na7 Rd8 25.Nb5 Qh5 26.Kg1 Nf7 27.h4  1-0

[Event "Narciso Yepes"]
[Site "Lorca ESP"]
[Date "2001.06.26"]
[Round "3"]
[White "Foisor,C"]
[Black "Cifuentes Parada,R"]
[Result "1/2-1/2"]
[WhiteElo "2408"]
[BlackElo "2496"]

1.Nf3 d5 2.g3 c5 3.Bg2 Nc6 4.d4 Nf6 5.O-O e6 6.c4 Be7 7.cxd5 exd5 8.Nc3 O-O
9.dxc5 Bxc5 10.Bg5 d4 11.Ne4 Be7 12.Bxf6 Bxf6 13.b4 a6 14.a4 Nxb4 15.Nxf6+ Qxf6
16.Qxd4 Qe7 17.Qe5 Re8 18.Qxe7 Rxe7 19.Nd4 a5 20.Rfc1 Rb8 21.Ra3 Kf8 22.e3 g6
23.h4 h5 24.Kh2 Bd7 25.Bh3 Be8 26.Bf1 Nc6 27.Nxc6 Bxc6 28.Rc5 Ra8 29.Bg2 Re6
30.Bxc6 Rxc6 31.Rb5 Rd8 32.e4 b6 33.Kg2 Rd4 34.e5 Rb4 35.Rxb4 axb4 36.Rd3 b5
37.a5 Ra6 38.Rb3 Rxa5 39.Rxb4 Ke7 40.f4 Ke6 41.Rd4 Ra6 42.Kf3 Rb6 43.Ke2 b4
44.Kd1 b3 45.Kc1 b2+ 46.Kb1 Rb3 47.Rd6+ Ke7 48.Rf6 Rxg3 49.Kxb2 Rg4 50.f5 gxf5
51.Rxf5 Rxh4 52.Kc3 Rh1 53.Kd3 h4 54.Ke3 h3 55.Kf2 Ra1 56.Kg3 Ra3+ 57.Kh2 Re3
58.Kh1 Re2  1/2-1/2

[Event "St John's University"]
[Site "New York USA"]
[Date "2001.06.26"]
[Round "8"]
[White "Szuk,B"]
[Black "Smith,BG"]
[Result "1/2-1/2"]
[WhiteElo "2360"]
[BlackElo "2308"]

1.Nf3 d5 2.g3 c6 3.Bg2 Nf6 4.b3 Bg4 5.Bb2 Nbd7 6.O-O e6 7.h3 Bxf3 8.Bxf3 h5
9.d3 Qc7 10.Nd2 O-O-O 11.e3 e5 12.c4 Nc5 13.d4 Nd3 14.Bc3 e4 15.Be2 h4 16.Bxd3 hxg3
17.Be2 gxf2+ 18.Kg2 Rh6 19.Rxf2 Rg6+ 20.Bg4+ Nxg4 21.hxg4 Bd6 22.Rf5 Rh8
23.Nf1 Rh4 24.g5 Qd7 25.Be1 Qxf5 26.Bxh4 f6 27.Qh5 fxg5 28.Bg3 Rh6 29.Qe8+ Kc7
30.Bxd6+ Kb6 31.Bh2 Qg4+ 32.Kh1 Qf3+ 33.Kg1 Qg4+ 34.Ng3 Qh3 35.Nf1 Qg4+ 36.Bg3 Qf3
37.Qd8+ Ka6 38.Bh2 Qg4+ 39.Kh1 Qf3+ 40.Kg1 Qg4+ 41.Kh1 Qf3+  1/2-1/2

[Event "Open"]
[Site "Batumi GEO"]
[Date "2001.06.27"]
[Round "2"]
[White "Chigladze,I"]
[Black "Shalamberidze,A"]
[Result "0-1"]
[WhiteElo "2104"]
[BlackElo "2404"]

1.Nf3 d5 2.g3 Nf6 3.Bg2 c6 4.c4 dxc4 5.O-O Nbd7 6.Qc2 Nb6 7.Na3 Qd5 8.Ne1 Qh5
9.Nxc4 Nbd5 10.e4 Nb6 11.Nd3 Nxc4 12.Qxc4 e5 13.Qc3 Bd6 14.f4 Bh3 15.Bxh3 Qxh3
16.Nf2 Qh5 17.fxe5 Bxe5 18.d4 Bc7 19.Qb4 Bb6 20.Bf4 O-O-O 21.Rad1 Rhe8 22.Be5 Rxe5
23.dxe5 Rxd1 24.exf6 Bxf2+ 25.Kxf2 Qxh2+ 26.Ke3 Qxg3+ 27.Rf3 Rd3+ 28.Kxd3 Qxf3+
29.Kc2 Qxf6 30.Qf8+ Kc7 31.Qb4 Qe5 32.Qc4 Qe6 33.Qd4 g6 34.b3 h5 35.Kd3  0-1

[Event "Narciso Yepes"]
[Site "Lorca ESP"]
[Date "2001.06.27"]
[Round "4"]
[White "Damljanovic,B"]
[Black "Campos G.,LM"]
[Result "1/2-1/2"]
[WhiteElo "2574"]
[BlackElo "2421"]

1.Nf3 d5 2.g3 c6 3.Bg2 Bg4 4.b3 Nd7 5.Bb2 Qb8 6.c4 Ngf6 7.O-O e6 8.d3 Be7
9.Nbd2 O-O 10.Qc2 a5 11.a3 Rc8 12.Rfc1 h6 13.h3 Bf5 14.Qd1 Bd6 15.cxd5 cxd5
16.Rxc8+ Qxc8 17.Nd4 Bh7 18.Rc1 Qd8 19.Nb5 Be5 20.Qc2 Bxb2 21.Qxb2 Rc8 22.Nf3 Ne8
23.Rc2 Kf8 24.a4 Rxc2 25.Qxc2 g5 26.Qc3 f6 27.h4 Bg8 28.Bh3 Bf7 29.hxg5 hxg5
30.Nfd4 Qb6 31.Qc8 Ke7 32.Qc3 Nb8 33.b4 axb4 34.Qxb4+ Nd6 35.a5 Na6 36.Qb1 Qxa5
37.Nxd6 Kxd6 38.Qxb7 Qa1+ 39.Kg2 Qxd4 40.Qxa6+ Ke7 41.Qa3+ Ke8 42.e3 Qb6
43.Bg4 Qc7  1/2-1/2

[Event "ch-NED"]
[Site "Leeuwarden NED"]
[Date "2001.06.28"]
[Round "7"]
[White "Van der Sterren,P"]
[Black "Piket,Je"]
[Result "1/2-1/2"]
[WhiteElo "2576"]
[BlackElo "2628"]

1.Nf3 d5 2.g3 g6 3.Bg2 Bg7 4.d4 Nf6 5.c4 dxc4 6.Na3 Nc6 7.Nxc4 Be6 8.b3 Bd5
9.Bb2 a5 10.Rc1 a4 11.Ne3 e6 12.Nxd5 exd5 13.Ne5 Nxe5 14.dxe5 Ng4 15.bxa4 c6
16.e4 Bxe5 17.Bxe5 Nxe5 18.exd5 Qa5+ 19.Kf1 O-O 20.f4 Qa6+ 21.Qe2 Nd3 22.Rc3 Nb4
23.Qxa6 Rxa6 24.dxc6 Nxc6 25.Kf2 Rxa4 26.a3  1/2-1/2

[Event "Narciso Yepes"]
[Site "Lorca ESP"]
[Date "2001.06.29"]
[Round "8"]
[White "Rustemov,A"]
[Black "Cifuentes Parada,R"]
[Result "1/2-1/2"]
[WhiteElo "2625"]
[BlackElo "2496"]

1.Nf3 d5 2.g3 c5 3.Bg2 Nf6 4.O-O Nc6 5.d4 e6 6.c4 Be7 7.cxd5 exd5 8.Nc3 O-O
9.Bg5 cxd4 10.Nxd4 h6 11.Be3 Re8 12.Rc1 Bf8 13.Nb3 Be6 14.Bd4 Ne4 15.e3 Rc8
16.Ne2 Bd6 17.a3 a6 18.Nf4 Bxf4 19.exf4 Nxd4 20.Qxd4 Qf6 21.Rfe1 Qxd4 22.Nxd4 Bd7
23.Rcd1 Ba4 24.b3 Bd7 25.Re3 Kf8 26.Bf3 Nf6 27.Re5 Bh3 28.Be2 Rc3 29.f3 Rxe5
30.fxe5 Nd7 31.f4 Nc5 32.Rb1 Ne6 33.Nf3 Bf5 34.Rb2 Bc2 35.Kf2 g6 36.Ke1 Be4
37.Nd2 Nd4 38.Nxe4 dxe4 39.Kd2 Nxe2 40.Kxe2 Ke7 41.a4 Ke6 42.b4 g5 43.Rd2 gxf4
44.gxf4 Kf5 45.Rd7 Kxf4 46.Rxf7+ Kxe5 47.Rxb7 Rc2+ 48.Ke3 Rxh2 49.Re7+ Kd5
50.Rd7+ Ke5  1/2-1/2

[Event "Open"]
[Site "Batumi GEO"]
[Date "2001.06.30"]
[Round "5"]
[White "Haroutjunian,G"]
[Black "Petrosian,TA"]
[Result "0-1"]
[WhiteElo "2321"]
[BlackElo "2151"]

1.Nf3 d5 2.g3 Nf6 3.Bg2 c6 4.d3 Bg4 5.O-O Nbd7 6.Nbd2 e5 7.e4 Bd6 8.h3 Bh5
9.Qe1 O-O 10.Nh4 Re8 11.Nb3 Qc7 12.Bg5 a5 13.a4 b6 14.Nf5 Bf8 15.g4 Bg6 16.Bh4 dxe4
17.dxe4 Bxf5 18.exf5 Nd5 19.Qe4 Rac8 20.Rfd1 Nf4 21.Rd2 Nf6 22.Bxf6 gxf6
23.Rad1 Red8 24.Bf1 Rd5 25.Qf3 Rcd8 26.Bc4 R5d7 27.h4 Bh6 28.Kh1 Rxd2 29.Rxd2 b5
30.Rxd8+ Qxd8 31.axb5 a4 32.Nc5 Qd4 33.Ne4 Qxc4 34.Nxf6+ Kh8 35.b6 Qf1+ 36.Kh2 Ne2
37.Nh5 Bf4+ 38.Nxf4 Qg1+  0-1

[Event "ch-SWE"]
[Site "Linkoping SWE"]
[Date "2001.06.30"]
[Round "1"]
[White "Karlsson,L"]
[Black "Hillarp Persson,T"]
[Result "1/2-1/2"]
[WhiteElo "2476"]
[BlackElo "2443"]

1.Nf3 d5 2.g3 c6 3.Bg2 Bg4 4.Ne5 Bf5 5.d4 Nd7 6.Nd3 g6 7.c3 Bg7 8.Nd2 Ngf6
9.O-O O-O 10.a4 a5 11.Qb3 Qc7 12.Nf3 Be4 13.Bf4 Qc8 14.Nfe5 Bxg2 15.Kxg2 Nxe5
16.Bxe5  1/2-1/2

[Event "6th Leg Russian Cup"]
[Site "Tomsk RUS"]
[Date "2001.06.30"]
[Round "1"]
[White "Korniushin,N"]
[Black "Vasilevich,I"]
[Result "0-1"]
[WhiteElo "2470"]
[BlackElo "2214"]

1.Nf3 d5 2.g3 Nf6 3.Bg2 Bf5 4.O-O e6 5.d3 h6 6.Nbd2 Be7 7.Qe1 O-O 8.e4 Bh7
9.Qe2 c5 10.Ne5 Nc6 11.Nxc6 bxc6 12.b3 Qa5 13.Bb2 Rfd8 14.f4 c4 15.dxc4 dxe4
16.Nb1 Qf5 17.Nc3 Bc5+ 18.Kh1 e3 19.Rad1 Ng4 20.Ne4 Qh5  0-1

[Event "6th Leg Russian Cup"]
[Site "Tomsk RUS"]
[Date "2001.06.30"]
[Round "1"]
[White "Monastyrev,S"]
[Black "Skatchkov,P"]
[Result "1/2-1/2"]
[WhiteElo "2201"]
[BlackElo "2456"]

1.Nf3 d5 2.g3 Nf6 3.Bg2 c6 4.b3 Bf5 5.d3 g6 6.Bb2 Bg7 7.Nbd2 O-O 8.c4 a5
9.O-O Re8 10.Rb1 Na6 11.Nd4 Bd7 12.a3 e5 13.Nc2 d4 14.f4 exf4 15.Rxf4 Nh5
16.Rf2 Be6 17.b4 axb4 18.axb4 Nc7  1/2-1/2

[Event "Tan Lian Ann cup"]
[Site "Tianjin CHN"]
[Date "2001.07.01"]
[Round "18"]
[White "Wang Rui"]
[Black "Chi Fengtong"]
[Result "1/2-1/2"]
[WhiteElo "2509"]
[BlackElo "2275"]

1.Nf3 d5 2.g3 Nf6 3.Bg2 g6 4.c4 c6 5.cxd5 cxd5 6.O-O Bg7 7.d4 Nc6 8.Ne5 Nxe5
9.dxe5 Ng4 10.Bxd5 Nxe5 11.Nc3 O-O 12.Qb3 Qa5 13.Bd2 Bd7 14.Ne4 Qb5 15.Nc3 Qxb3
16.Bxb3 Bc6 17.Rfd1 Rfd8 18.Bg5 Rxd1+ 19.Rxd1 e6 20.h3 b5 21.Be3 b4 22.Na4 Bxa4
23.Bxa4 Nc4 24.b3  1/2-1/2

[Event "Open"]
[Site "Andorra AND"]
[Date "2001.07.02"]
[Round "3"]
[White "Nanu,C"]
[Black "Gyimesi,Z"]
[Result "0-1"]
[WhiteElo "2417"]
[BlackElo "2571"]

1.Nf3 d5 2.g3 c6 3.Bg2 Bg4 4.O-O Nd7 5.h3 Bh5 6.d3 e5 7.Nbd2 Ngf6 8.c4 Bd6
9.Nh4 O-O 10.Nf5 Bc7 11.b4 Re8 12.Ne3 e4 13.d4 Nf8 14.b5 dxc4 15.bxc6 Qxd4
16.Rb1 bxc6 17.Rb7 Ne6 18.Nexc4 Qd8 19.Bb2 Nc5 20.Bxf6 gxf6 21.Rb1 f5 22.Ne3 f4
23.gxf4 Bxf4 24.Qc2 Qg5 25.Rbc1 Re5 26.Kh1 Bg6 27.Qb2 Rae8 28.Ng4 Na4 29.Qd4 Bxd2
30.Rcd1 Bc3 31.Qxa4 R5e6 32.Rc1 Bg7 33.Rxc6 h5 34.Ne3 Re5 35.Nc4 R5e6 36.Rxe6 Rxe6
37.Qxa7 Kh7 38.a4 Qd5 39.Ne3 Qd2 40.a5 Qxe2 41.Nd5 Qd2 42.Ne7 f5 43.Qc7 Qd6
44.Qxd6 Rxd6 45.Nxg6 Kxg6 46.Rb1 Kg5 47.Bf1 Rd2 48.a6 Bd4 49.Bc4 Rc2 50.Be6 Rc6
51.Bd7 Rxa6 52.Rb5 Rf6 53.Kg2 Kf4 54.h4 Rf8 55.Be6 Be5 56.Rb7 Rf6 57.Bc8 Rg6+
58.Kf1 Rc6 59.Bd7 Rc7 60.Rxc7 Bxc7 61.Ke2 Bd8 62.Bxf5 Kxf5 63.f3 Bb6 64.fxe4+ Kxe4
65.Kf1 Kf3  0-1

[Event "1st Asean Open"]
[Site "Bandar Seri Begawan BRU"]
[Date "2001.07.02"]
[Round "8"]
[White "Senador,E"]
[Black "Rogers,I"]
[Result "0-1"]
[WhiteElo "2433"]
[BlackElo "2538"]

1.Nf3 d5 2.g3 c6 3.Bg2 Bg4 4.d3 Nd7 5.Nbd2 Ngf6 6.O-O e5 7.e4 dxe4 8.dxe4 Bc5
9.Qe1 O-O 10.Nc4 Re8 11.b4 Bf8 12.Bb2 Qc7 13.a3 b5 14.Ne3 Bxf3 15.Bxf3 a5
16.c4 axb4 17.axb4 Rxa1 18.Bxa1 bxc4 19.Nxc4 Rb8 20.Bc3 c5 21.bxc5 Bxc5 22.Ne3 Rb3
23.Bd2 Bd4 24.Bg2 g6 25.Nd5 Nxd5 26.exd5 Nf6 27.Bg5 Ng4 28.Qd1 Rb4 29.Bd2 Nxf2
30.Rxf2 Rb2 31.Kf1 Bxf2 32.Kxf2 Qc5+ 33.Ke2 Qb5+ 34.Ke3 Qc5+ 35.Ke2 Qc4+
36.Ke1 Qd3 37.Qe2 Qd4 38.Kd1 Ra2 39.Qe1 Qd3  0-1

[Event "Open"]
[Site "Batumi GEO"]
[Date "2001.07.02"]
[Round "6"]
[White "Danielian,E"]
[Black "Sulashvili,M"]
[Result "1-0"]
[WhiteElo "2369"]
[BlackElo "2181"]

1.Nf3 d5 2.g3 Nf6 3.Bg2 c6 4.O-O Bg4 5.b3 Nbd7 6.Bb2 e6 7.d3 Bd6 8.Nbd2 O-O
9.h3 Bh5 10.Qe1 e5 11.e4 dxe4 12.dxe4 Bxf3 13.Bxf3 Qe7 14.Nc4 Bc5 15.Rd1 b5
16.Ne3 Qe6 17.Kg2 a5 18.g4 Bxe3 19.Qxe3 Qe7 20.Rd2 Rfd8 21.Rfd1 Ne8 22.Rd3 Nc7
23.Qd2 Nd5 24.exd5 e4 25.Bxe4 Nc5 26.Re3 Nxe4 27.Qd4 Qg5 28.Qxe4 cxd5 29.Qe5  1-0

[Event "6th Leg Russian Cup"]
[Site "Tomsk RUS"]
[Date "2001.07.02"]
[Round "3"]
[White "Monastyrev,S"]
[Black "Novikova,A"]
[Result "0-1"]
[WhiteElo "2201"]
[BlackElo "2203"]

1.Nf3 d5 2.g3 e6 3.b3 Nf6 4.Bg2 c5 5.d3 Nc6 6.O-O Be7 7.Nbd2 O-O 8.Re1 e5
9.Bb2 Qc7 10.e4 d4 11.Rc1 Rd8 12.a3 b5 13.Nh4 g6 14.Qe2 Be6 15.Ndf3 Ne8 16.Qd2 f6
17.Kh1 Nd6 18.Qe2 c4 19.bxc4 bxc4 20.Ra1 Rab8 21.Bc1 Na5 22.Qf1 cxd3 23.cxd3 Qc2
24.Bh6 Nb3 25.Rab1 Nf7 26.Bh3 Bxh3 27.Qxh3 Qxd3 28.Qe6 Nc5 29.Qa2 Nxe4 30.Rxb8 Rxb8
31.Kg2 Qxa3 32.Qxa3 Bxa3 33.Rxe4 Nxh6 34.Nd2 g5 35.Nhf3 Nf7 36.h4 Nd6 37.Re1 g4
38.Nh2 h5 39.Nhf1 Rb2 40.Ra1 Bb4 41.Ra6 e4 42.Rxd6 Bxd6 43.Nc4 Rb6 44.Nxb6 axb6
45.Nd2 f5 46.Nc4 Bc7 47.Kf1 Kf7 48.Ke2 Ke6 49.Na3 Kd5 50.Nb5 Bb8  0-1

[Event "6th Leg Russian Cup"]
[Site "Tomsk RUS"]
[Date "2001.07.02"]
[Round "3"]
[White "Khasin,Al"]
[Black "Skatchkov,P"]
[Result "1-0"]
[WhiteElo "2542"]
[BlackElo "2456"]

1.Nf3 d5 2.g3 Nf6 3.Bg2 c6 4.O-O Bg4 5.c4 e6 6.d3 Nbd7 7.cxd5 exd5 8.Qc2 Be7
9.Nc3 O-O 10.e4 dxe4 11.dxe4 Bb4 12.Be3 Bxf3 13.Bxf3 Re8 14.Rad1 Qa5 15.Bg2 Rad8
16.h3 h6 17.Rfe1 Bc5 18.Bd2 Bb6 19.Na4 Qb5 20.Nxb6 Nxb6 21.Bc3 Qc5 22.Qb3 Qc4
23.Qxc4 Nxc4 24.f3 Nd7 25.Bf1 Ncb6 26.b3 Nc5 27.Kf2 Ne6 28.Be2 Kf8 29.Rxd8 Rxd8
30.Rd1 Rxd1 31.Bxd1 Nd7 32.Ke3 Ke7 33.f4 f6 34.Be2 Nd8 35.Bg4 Ne6 36.h4 Nef8
37.h5 Ne6 38.Bf5 b6 39.Bg4 Nd8 40.e5 fxe5 41.Bxd7 exf4+ 42.Kf3 Kxd7 43.Bxg7 fxg3
44.Bxh6 Ke6 45.Bf4 Nf7 46.Bxg3 Kf5 47.Bf4 c5 48.Ke3 Kg4 49.h6 Kh5 50.h7 Kg6
51.Ke4 Kxh7 52.Kd5 Kg6 53.Bb8 a5 54.a4 Kf6 55.Bc7 b5 56.axb5 Ke7 57.Kc6 c4
58.b6 c3 59.b7 c2 60.Bf4  1-0